Statistiche per Quiz sulla città di Palermo

Clicka qui per fare il quiz!

Statistiche generali

  • Questo quiz è stato fatto 161 volte
  • Il punteggio medio è 13 su 23

Statistiche sulle risposte

CategoriaDescrizioneRisposta% Corretto
GeografiaPalermo è il capoluogo di quest'isolaSicilia
100%
StoriaLa famosa rivolta del 1860 è un episodio di questo conflitto del RisorgimentoSpedizione dei {Mille}
86%
CucinaTubo fritto riempito di crema di ricottaCannolo
84%
FamosiMagistrati antimafiosi che furono uccisi a Palermo nel 1992Giovanni Falcone
83%
GeografiaFrazione del Mediterraneo su quale si trova PalermoMar {Tirreno}
83%
FamosiMagistrati antimafiosi che furono uccisi a Palermo nel 1992Paolo Borsellino
83%
CucinaTorta tradizionale con pan di spagna, ricotta e frutti canditiCassata
75%
StoriaNome corrente della mafia palermitanaCosa nostra
75%
CulturaSanta patronaRosalia
67%
GeografiaPianura in quale è situata Palermo{Conca} d'Oro
64%
CulturaVucciria, il Capo e Ballardo sono esempi palermitani di ...Mercati
55%
CulturaComuni in periferia di Palermo, di cui le cattedrali sono patrimoni UNESCOMonreale
53%
EdificiTeatri più grandi di PalermoTeatro {Massimo}
53%
StoriaPopolo marinaro che ha fondato la città e chiamata "Zyz"Fenici
51%
GeografiaRoccia calcarea di 606 m che domina la cittàMonte {Pellegrino}
46%
EdificiPalazzo sede dell'Assembla regionalePalazzo dei {Normanni}
45%
CulturaComuni in periferia di Palermo, di cui le cattedrali sono patrimoni UNESCOCefalù
43%
EdificiTeatri più grandi di PalermoTeatro {Politeama}
43%
CulturaCorsa automobilistica smessa nel 1977Targa {Florio}
42%
CucinaImitazione di frutta al marzapaneFrutta di {Martorana}
41%
EdificiPiazza ottogonale nel centro geografico di PalermoQuattro Canti
33%
StoriaPrima della dominazione greca, Palermo era sotto controllo di questa città anticaCartagine
30%
FamosiCompositore barocco pioniere dell'Opera napoletanaAlessandro Scarlatti
11%

Distribuzione punteggi

Percentile per numero di risposta

Percentuale di utenti per punteggio

I tuoi punteggi nel tempo

Non hai fatto questo quiz